[Event "VI Open Capo d'Orso"]
[Site "Portomannu - Palau ITA"]
[Date "2014.06.07"]
[Round "9"]
[White "Tommasini, Enzo"]
[Black "Aghayev, Miragha"]
[WhiteElo "2169"]
[BlackElo "2370"]
[Result "1/2-1/2"]
[PlyCount "102"]
[EventDate "2014.06.07"]

1. d4 Nf6 2. Nf3 g6 3. c4 Bg7 4. Nc3 d5 5. Bg5 Ne4 6. Bh4 Nxc3 7. bxc3 dxc4 8.
Qa4+ c6 9. Qxc4 Qa5 10. e3 Na6 11. Qb3 Nc5 12. Qb4 Qxb4 13. cxb4 Ne4 14. Bd3
Nd6 15. O-O Bf5 16. Bxf5 Nxf5 17. Bg5 h6 18. Bf4 g5 19. Be5 Bxe5 20. Nxe5 Nd6
21. Rfc1 a5 22. a3 Kd8 23. Kf1 f6 24. Nd3 axb4 25. axb4 Kc7 26. Ke2 h5 27. Nc5
Nf5 28. Kd3 g4 29. g3 Nd6 30. e4 e5 31. d5 Rxa1 32. Rxa1 h4 33. dxc6 Kxc6 34.
Na4 hxg3 35. hxg3 Nb5 36. Rc1+ Kd6 37. Nb6 Nd4 38. Nc4+ Ke6 39. Ne3 Rd8 40. Rd1
Ra8 41. Rc1 Ra4 42. Nxg4 Rxb4 43. f4 Rb3+ 44. Rc3 Rxc3+ 45. Kxc3 Ne2+ 46. Kc4
Nxg3 47. fxe5 fxe5 48. Nf2 Kd6 49. Kb5 Nxe4 50. Nxe4+ Kd5 51. Ng5 e4 1/2-1/2

[Event "XI Open A Primavera"]
[Site "Robecchetto con Induno ITA"]
[Date "2014.04.10"]
[Round "1"]
[White "Barrera, Pietro"]
[Black "Vada, Riccardo"]
[WhiteElo "1925"]
[BlackElo "1653"]
[Result "1-0"]
[PlyCount "72"]
[EventDate "2014.04.10"]

1. d4 d6 2. Nf3 g6 3. e4 Bg7 4. Bc4 Nc6 5. O-O Nf6 6. Bd3 Bg4 7. c3 O-O 8. h3
Bc8 9. Be3 e5 10. d5 Ne7 11. Qd2 Nh5 12. g4 Nf6 13. Nh2 h5 14. f3 Nh7 15. Qg2
Kh8 16. f4 exf4 17. Bxf4 c6 18. Be3 cxd5 19. exd5 Nf6 20. c4 Qd7 21. Bd4 Neg8
22. Rf4 a6 23. Nc3 b5 24. Raf1 Qe7 25. Qf2 bxc4 26. Bxc4 Bh6 27. Bxf6+ Nxf6 28.
Re1 Qxe1+ 29. Qxe1 Bxf4 30. Qe7 Kg7 31. gxh5 Re8 32. h6+ Bxh6 33. Qxd6 Bxh3 34.
Be2 Be3+ 35. Kh1 Rac8 36. Qg3 Rh8 1-0

[Event "XI Open A Primavera"]
[Site "Robecchetto con Induno ITA"]
[Date "2014.04.10"]
[Round "1"]
[White "Bianchi, Alberto"]
[Black "Macchiettini, Pierangelo"]
[WhiteElo "1935"]
[BlackElo "1685"]
[Result "1-0"]
[PlyCount "71"]
[EventDate "2014.04.10"]

1. e4 c5 2. Nf3 d6 3. d4 cxd4 4. Nxd4 Nf6 5. Nc3 a6 6. Be3 e6 7. f3 Be7 8. Qd2
Qc7 9. g4 Nbd7 10. Qf2 Ne5 11. Rd1 Bd7 12. Nb3 Nc4 13. Bxc4 Qxc4 14. Qe2 Qxe2+
15. Kxe2 Rc8 16. Rd2 Bc6 17. Rhd1 Nd7 18. Bf4 Nb6 19. Na5 e5 20. Be3 Nd7 21.
Nc4 b5 22. Nxd6+ Bxd6 23. Rxd6 b4 24. Nd5 Bb5+ 25. Kd2 Rc6 26. Rxc6 Bxc6 27.
Nxb4 Bb7 28. c4 Kd8 29. Kc3 Kc8 30. c5 Nb8 31. Nd5 Nc6 32. b4 Kb8 33. Nb6 Rd8
34. Rxd8+ Nxd8 35. Nd7+ Kc7 36. Nxe5 1-0

[Event "XI Open A Primavera"]
[Site "Robecchetto con Induno ITA"]
[Date "2014.04.10"]
[Round "1"]
[White "Buonasorte, Roberto"]
[Black "Trenti, Alessandro"]
[WhiteElo "1609"]
[BlackElo "1780"]
[Result "1/2-1/2"]
[PlyCount "75"]
[EventDate "2014.04.10"]

1. e4 c5 2. Nf3 Nc6 3. d4 cxd4 4. Nxd4 a6 5. Nc3 d6 6. Bc4 Nf6 7. Bg5 e6 8.
Nxc6 bxc6 9. e5 dxe5 10. Qxd8+ Kxd8 11. O-O-O+ Bd7 12. Ne4 Be7 13. Nxf6 Bxf6
14. Bxf6+ gxf6 15. Rd6 Kc7 16. Rhd1 Rhd8 17. Be2 a5 18. c4 c5 19. Bf3 Ba4 20.
Rxd8 Rxd8 21. Rxd8 Kxd8 22. Bh5 Ke7 23. Kd2 Bc6 24. g3 f5 25. Ke2 e4 26. Ke3 e5
27. Kd2 Kf6 28. Ke3 Be8 29. h4 Bc6 30. Bd1 Ke6 31. Bc2 f6 32. Bd1 Be8 33. Be2
Ba4 34. b3 Be8 35. Bd1 Kd6 36. Be2 Bf7 37. Bd1 Kc6 38. a4 1/2-1/2

[Event "XI Open A Primavera"]
[Site "Robecchetto con Induno ITA"]
[Date "2014.04.10"]
[Round "1"]
[White "Cervini, Gian Piero"]
[Black "Torretta, Gilberto"]
[WhiteElo "1806"]
[BlackElo "1651"]
[Result "1-0"]
[PlyCount "69"]
[EventDate "2014.04.10"]

1. e4 e5 2. Nf3 Nc6 3. d4 exd4 4. Bc4 d6 5. Nxd4 Nf6 6. Nc3 Be7 7. O-O O-O 8.
Be3 Bd7 9. f4 Nxd4 10. Bxd4 Bc6 11. Qe2 h6 12. Rad1 Re8 13. e5 Bf8 14. Qf2 Ng4
15. Qg3 h5 16. Be2 Nh6 17. Bxh5 Nf5 18. Qf2 Nxd4 19. Rxd4 Re6 20. Bf3 Qe7 21.
Nd5 Bxd5 22. Bxd5 dxe5 23. fxe5 Rh6 24. Qxf7+ Qxf7 25. Rxf7 Kh8 26. Rxc7 Rd8
27. Rd3 Rb6 28. Rxb7 Bc5+ 29. Kf1 Rf8+ 30. Rf3 Rxf3+ 31. gxf3 Rg6 32. e6 Rg1+
33. Ke2 Rg2+ 34. Kd3 Rg5 35. Kc4 1-0

[Event "XI Open A Primavera"]
[Site "Robecchetto con Induno ITA"]
[Date "2014.04.10"]
[Round "1"]
[White "De Paoli, Nicola"]
[Black "Pizzolato, Roberto"]
[WhiteElo "1386"]
[BlackElo "1745"]
[Result "0-1"]
[PlyCount "94"]
[EventDate "2014.04.10"]

1. d4 d5 2. c4 c6 3. Nf3 Nf6 4. Nc3 dxc4 5. e3 b5 6. Be2 e6 7. a3 Bd6 8. e4 Bc7
9. e5 Nd5 10. Ne4 Nd7 11. Bg5 f6 12. exf6 N7xf6 13. Ne5 Ba5+ 14. Nd2 Bb7 15.
Bh5+ g6 16. Bg4 Qe7 17. O-O Bxd2 18. Qxd2 Ne4 19. Bxe7 Nxd2 20. Rfe1 Kxe7 21.
Bxe6 Kf6 22. Nd7+ Kg7 23. Nc5 Bc8 24. Bxc8 Raxc8 25. Ne6+ Kf6 26. Nc5 Rhe8 27.
Nd7+ Kg7 28. Rxe8 Rxe8 29. Ne5 Re6 30. f3 Nf4 31. Rd1 Nb3 32. Kf2 Rd6 33. g3
Ne6 34. Nxc6 Rxc6 35. d5 Rd6 36. Re1 Nec5 37. Re7+ Kh6 38. Rxa7 Rxd5 39. g4 Rd7
40. Ra8 Nd3+ 41. Kg3 Nxb2 42. h4 c3 43. Rc8 Nc4 44. g5+ Kg7 45. a4 c2 46. axb5
c1=Q 47. b6 Qg1+ 0-1

[Event "XI Open A Primavera"]
[Site "Robecchetto con Induno ITA"]
[Date "2014.04.10"]
[Round "1"]
[White "Giusti, Francesco"]
[Black "Cecchini, Massimo S."]
[WhiteElo "1592"]
[BlackElo "1749"]
[Result "0-1"]
[PlyCount "52"]
[EventDate "2014.04.10"]

1. e4 c6 2. Nf3 d5 3. exd5 cxd5 4. d4 Nf6 5. Nc3 a6 6. Bg5 e6 7. Ne5 Be7 8. a3
Nbd7 9. b4 Qc7 10. Qd2 Nxe5 11. dxe5 Qxe5+ 12. Qe3 Qxe3+ 13. Bxe3 Bd7 14. Bd3
O-O 15. O-O Bc6 16. Rab1 e5 17. Bg5 e4 18. Be2 d4 19. Nd1 Ba4 20. c4 h6 21.
Bxf6 Bxf6 22. Nb2 Bc2 23. Rbe1 d3 24. Bd1 Bxb2 25. Rxe4 Rfe8 26. Rfe1 Rxe4 0-1

[Event "XI Open A Primavera"]
[Site "Robecchetto con Induno ITA"]
[Date "2014.04.10"]
[Round "1"]
[White "Griffini, Andrea"]
[Black "Rossi, Emanuele"]
[WhiteElo "1797"]
[BlackElo "1630"]
[Result "1-0"]
[PlyCount "85"]
[EventDate "2014.04.10"]

1. e4 c5 2. d4 cxd4 3. c3 dxc3 4. Nxc3 e5 5. Bc4 Nf6 6. Nf3 Nc6 7. Ng5 d5 8.
exd5 Na5 9. Bb5+ Bd7 10. Bd3 h6 11. Nge4 b6 12. a3 Nb7 13. b4 Bd6 14. Ba6 Bc8
15. Bb5+ Nd7 16. Bc6 Qe7 17. Nxd6+ Qxd6 18. Nb5 Qb8 19. d6 O-O 20. Nc7 Rd8 21.
Bb2 f6 22. Qd5+ Kh8 23. Rd1 a5 24. Qe6 Ra7 25. Qe7 Rg8 26. Nb5 Nd8 27. Nxa7
Qxa7 28. Bd5 Rf8 29. Rc1 Qa6 30. Bc4 b5 31. Bxb5 Qxb5 32. Rxc8 Qd3 33. Qxd7
Qb1+ 34. Bc1 Qe4+ 35. Be3 Qb1+ 36. Ke2 Qxh1 37. Rxd8 Rxd8 38. Qxd8+ Kh7 39. Qa8
Qb1 40. Qd5 e4 41. d7 Qc2+ 42. Bd2 axb4 43. d8=Q 1-0

[Event "XI Open A Primavera"]
[Site "Robecchetto con Induno ITA"]
[Date "2014.04.10"]
[Round "1"]
[White "Libutti, Michele"]
[Black "Madaschi, Sergio"]
[WhiteElo "1745"]
[BlackElo "1528"]
[Result "1-0"]
[PlyCount "51"]
[EventDate "2014.04.10"]

1. d4 Nf6 2. c4 g6 3. Nc3 Bg7 4. e4 d6 5. Nf3 O-O 6. Be2 e5 7. dxe5 dxe5 8. Bg5
h6 9. Qxd8 Rxd8 10. Bxf6 Bxf6 11. Nd5 Rxd5 12. cxd5 b6 13. Rc1 Ba6 14. Rxc7 Bd8
15. Rc2 Bxe2 16. Kxe2 Nd7 17. Rhc1 Nc5 18. Nxe5 Bf6 19. f4 g5 20. g3 Re8 21.
Ke3 Bg7 22. b4 Na6 23. Rc8 Kf8 24. a3 Ke7 25. d6+ Kf8 26. d7 1-0

[Event "XI Open A Primavera"]
[Site "Robecchetto con Induno ITA"]
[Date "2014.04.10"]
[Round "1"]
[White "Melino, Gianluca"]
[Black "Serrao, Piergiorgio"]
[WhiteElo "1767"]
[BlackElo "1605"]
[Result "1-0"]
[PlyCount "119"]
[EventDate "2014.04.10"]

1. Nf3 d5 2. d4 Nf6 3. g3 e6 4. Bg2 Be7 5. O-O O-O 6. c4 Nbd7 7. Nc3 dxc4 8. e4
c6 9. a4 b6 10. Qc2 Bb7 11. Rd1 Rc8 12. Nd2 Ne8 13. Nxc4 Ndf6 14. Bf4 Nh5 15.
Be3 Nhf6 16. h3 Rc7 17. Bf4 Rd7 18. Ne2 Qc8 19. Ne5 Rd8 20. Rac1 c5 21. Be3 Nd6
22. dxc5 Bxe4 23. Bxe4 Ndxe4 24. Rxd8 Rxd8 25. cxb6 Qxc2 26. Rxc2 axb6 27. Bxb6
Rb8 28. Bd4 Bf8 29. Rc7 Bd6 30. Rxf7 Bxe5 31. Bxe5 Rxb2 32. Rxg7+ Kxg7 33. Bxb2
Nc5 34. a5 Kf7 35. Nf4 Nfe4 36. Kg2 Nd2 37. Bc3 Nde4 38. Bb2 Nd2 39. Ba3 Na6
40. Bb2 Nc5 41. Bd4 Na6 42. Ne2 Nc4 43. Bc3 Nd6 44. f3 Nb5 45. Bd2 Nd6 46. Kf2
Nc4 47. Be1 e5 48. Nc1 Ke6 49. g4 Nc5 50. Bb4 Na6 51. Bc3 Nc5 52. h4 Na6 53.
Nb3 Kd5 54. Nd2 Nd6 55. Ke3 Nc5 56. Bb4 Na6 57. Ba3 Nc7 58. Bxd6 Kxd6 59. Ke4
Ke6 60. Nc4 1-0

[Event "XI Open A Primavera"]
[Site "Robecchetto con Induno ITA"]
[Date "2014.04.10"]
[Round "1"]
[White "Pappalardo, Antonio"]
[Black "De Regibus, Giuseppe"]
[WhiteElo "1783"]
[BlackElo "1620"]
[Result "1-0"]
[PlyCount "89"]
[EventDate "2014.04.10"]

1. d4 Nf6 2. c4 e6 3. Nc3 c5 4. d5 exd5 5. cxd5 d6 6. e4 g6 7. Nf3 Bg7 8. h3
O-O 9. Bd3 a6 10. a4 Re8 11. O-O Nfd7 12. Bf4 Bxc3 13. bxc3 Qf6 14. Qd2 Ne5 15.
Nxe5 dxe5 16. Be3 Nd7 17. a5 b5 18. axb6 Qxb6 19. Rfb1 Qd6 20. Ra5 Qc7 21. Rba1
c4 22. Be2 Rb8 23. R5a4 Nb6 24. Bxb6 Qxb6 25. Bxc4 Ra8 26. Qa2 Qc5 27. Ra5 Qc7
28. d6 Qd7 29. Bb5 axb5 30. Rxa8 Qxd6 31. Qe2 Qc5 32. Qd2 Kg7 33. Kh2 Re7 34.
Qd5 Qxc3 35. Qxb5 Rb7 36. Qf1 Rc7 37. R8a3 Qc6 38. Re3 Bb7 39. Ree1 Qc4 40.
Qxc4 Rxc4 41. f3 Rc2 42. Rac1 Rd2 43. Rc7 Rb2 44. Rec1 Ba6 45. R7c5 1-0

[Event "XI Open A Primavera"]
[Site "Robecchetto con Induno ITA"]
[Date "2014.04.10"]
[Round "1"]
[White "Ragoso, Mario"]
[Black "Novi', Giuseppe"]
[WhiteElo "1644"]
[BlackElo "1802"]
[Result "0-1"]
[PlyCount "54"]
[EventDate "2014.04.10"]

1. e4 c6 2. d4 d5 3. exd5 cxd5 4. c4 dxc4 5. Bxc4 e6 6. Nf3 Nf6 7. O-O Be7 8.
Nc3 O-O 9. Qe2 Nc6 10. Rd1 Qc7 11. Be3 a6 12. Rac1 Qa5 13. Bg5 b5 14. Bb3 Bb7
15. d5 exd5 16. Nxd5 Nxd5 17. Bxd5 Bxg5 18. Nxg5 Nd8 19. Bxb7 Nxb7 20. Qe7 Rab8
21. Qe4 g6 22. Qh4 h5 23. g4 Qa4 24. h3 Rbc8 25. Rxc8 Qxd1+ 26. Kg2 Rxc8 27.
gxh5 Qxh5 0-1

[Event "XI Open A Primavera"]
[Site "Robecchetto con Induno ITA"]
[Date "2014.04.10"]
[Round "1"]
[White "Ruggeri, Igor"]
[Black "Virgilio, Gianluca"]
[WhiteElo "1622"]
[BlackElo "1787"]
[Result "0-1"]
[PlyCount "48"]
[EventDate "2014.04.10"]

1. d4 Nf6 2. c4 g6 3. Nc3 d5 4. e3 Bg7 5. Nf3 O-O 6. Be2 c5 7. O-O dxc4 8. Bxc4
Nc6 9. dxc5 Qa5 10. Qa4 Qxc5 11. Qb5 Nd7 12. Rd1 a6 13. Qxc5 Nxc5 14. a3 Na5
15. Nd5 Nxc4 16. Nxe7+ Kh8 17. Rd5 Nb3 18. Rb1 Be6 19. Rd3 Rfd8 20. Rxd8+ Rxd8
21. h3 Bf6 22. Nxg6+ hxg6 23. e4 Rd1+ 24. Kh2 Rxc1 0-1

[Event "XI Open A Primavera"]
[Site "Robecchetto con Induno ITA"]
[Date "2014.04.10"]
[Round "1"]
[White "Rutigliano, Cesare"]
[Black "Testa, Loris"]
[WhiteElo "1657"]
[BlackElo "1930"]
[Result "0-1"]
[PlyCount "102"]
[EventDate "2014.04.10"]

1. e4 c6 2. c4 d6 3. d4 Nf6 4. Nc3 g6 5. h3 Bg7 6. Nf3 O-O 7. Bg5 h6 8. Be3 a6
9. Qd2 Kh7 10. Bd3 b5 11. cxb5 cxb5 12. Rd1 Bb7 13. e5 Nd5 14. Ne4 Nxe3 15.
Qxe3 Bxe4 16. Bxe4 d5 17. Bb1 e6 18. h4 h5 19. Ng1 Nc6 20. Qf3 Kg8 21. g4 f5
22. gxh5 gxh5 23. Qxh5 Ra7 24. Nf3 Qe8 25. Qg5 Kh7 26. Qc1 Rc7 27. Ng5+ Kg8 28.
h5 Bh6 29. f4 Qe7 30. Qe3 Rfc8 31. Rg1 Kf8 32. Nf3 Qb4+ 33. Kf1 Ne7 34. Ng5 Rc6
35. Nh7+ Kf7 36. Nf6 Qxb2 37. Rg2 Qc3 38. Bd3 Rc4 39. Rg6 Nxg6 40. hxg6+ Ke7
41. Qh3 Rh8 42. Nh7 Bg7 43. Qh4+ Kd7 44. Bxc4 bxc4 45. Qf2 Rb8 46. Qd2 Qf3+ 47.
Ke1 c3 48. Qc2 Qe3+ 49. Qe2 Qxf4 50. Qxa6 Qg3+ 51. Ke2 Rb2+ 0-1

[Event "XI Open A Primavera"]
[Site "Robecchetto con Induno ITA"]
[Date "2014.04.10"]
[Round "1"]
[White "Santarelli, Sabatino"]
[Black "Moroni, Luca"]
[WhiteElo "1652"]
[BlackElo "1862"]
[Result "0-1"]
[PlyCount "154"]
[EventDate "2014.04.10"]

1. c4 c5 2. g3 d6 3. Bg2 Nf6 4. Nc3 g6 5. d3 Bg7 6. Nf3 O-O 7. O-O Nc6 8. Re1
a6 9. Bg5 h6 10. Bd2 Bg4 11. Qc1 h5 12. h3 Bxf3 13. Bxf3 Qd7 14. Bg2 Rab8 15.
Bh6 b5 16. Bxg7 Kxg7 17. cxb5 axb5 18. b3 Nd4 19. e3 Ne6 20. Kh2 b4 21. Ne2
Rbc8 22. Qb2 Kg8 23. h4 Ng4+ 24. Kg1 Rc7 25. Rec1 Rfc8 26. Rc2 Qb5 27. Rd1 Ne5
28. Rcd2 Ra7 29. Nf4 Nxf4 30. exf4 Nc6 31. Bd5 Nd4 32. Kf1 Qd7 33. Bg2 Qg4 34.
Kg1 Re8 35. Re1 e6 36. Qc1 Rae7 37. Qd1 Qxd1 38. Rexd1 Ra7 39. Rc1 Ra3 40. Rb1
Re7 41. Rbb2 Rea7 42. Kh2 Nb5 43. Kh3 Nc3 44. d4 Rxa2 45. dxc5 Rxb2 46. Rxb2
dxc5 47. Rd2 Ra2 48. Rxa2 Nxa2 49. Bf1 Kg7 50. f3 Kf6 51. g4 Nc3 52. Kg3 Nd5
53. g5+ Ke7 54. Bb5 Nb6 55. Kf2 Nd5 56. Kg3 Nc3 57. Bc4 Nb1 58. Bd3 Nd2 59. Bc2
c4 60. bxc4 Nxc4 61. Kf2 Nd6 62. Ke2 Nf5 63. Bxf5 exf5 64. Kd2 Kd6 65. Kc2 Kd5
66. Kb3 Kd4 67. Kxb4 Ke3 68. Kc4 Kxf3 69. Kd5 Kxf4 70. Kd6 Kg4 71. Ke7 f4 72.
Kxf7 f3 73. Kxg6 f2 74. Kh6 f1=Q 75. g6 Kxh4 76. g7 Qf6+ 77. Kh7 Qxg7+ 0-1

[Event "XI Open A Primavera"]
[Site "Robecchetto con Induno ITA"]
[Date "2014.04.17"]
[Round "2"]
[White "Cecchini, Massimo S."]
[Black "Barrera, Pietro"]
[WhiteElo "1749"]
[BlackElo "1925"]
[Result "1/2-1/2"]
[PlyCount "104"]
[EventDate "2014.04.10"]

1. Nf3 c5 2. g3 Nc6 3. Bg2 Nf6 4. c4 g6 5. Nc3 Bg7 6. d3 O-O 7. Be3 d6 8. h3
Bd7 9. Qd2 Re8 10. Bh6 Bh8 11. g4 Rb8 12. Ng5 a6 13. Qf4 e5 14. Qd2 Nd4 15.
Nge4 Nxe4 16. Bxe4 b5 17. e3 Ne6 18. h4 Nf8 19. Qe2 Qa5 20. h5 Be6 21. Kf1 bxc4
22. dxc4 Qb4 23. hxg6 fxg6 24. Kg2 Qxb2 25. Qxb2 Rxb2 26. Bd5 Bxd5+ 27. cxd5 e4
28. Rac1 Nd7 29. Bf4 Bxc3 30. Rxc3 Ne5 31. Bxe5 Rxe5 32. Ra3 Rxd5 33. Rxa6 Rdd2
34. Ra8+ Kg7 35. Ra7+ Kf6 36. Rf1 Rxa2 37. Rxh7 c4 38. Kg3 c3 39. Rc7 c2 40.
Rc1 g5 41. Rc6 Ke5 42. Rc3 Rb2 43. Rc7 d5 44. Rc5 Kd6 45. Rc8 Rb3 46. R1xc2
Rxc2 47. Rxc2 d4 48. Rc4 dxe3 49. Rxe4 e2+ 50. f3 Rb2 51. Kf2 e1=Q+ 52. Kxe1
Kd5 1/2-1/2

[Event "XI Open A Primavera"]
[Site "Robecchetto con Induno ITA"]
[Date "2014.04.17"]
[Round "2"]
[White "Macchiettini, Pierangelo"]
[Black "Buonasorte, Roberto"]
[WhiteElo "1685"]
[BlackElo "1609"]
[Result "1/2-1/2"]
[PlyCount "60"]
[EventDate "2014.04.10"]

1. d4 Nf6 2. c4 g6 3. Nc3 d5 4. Nf3 Bg7 5. e3 O-O 6. Be2 c5 7. cxd5 Nxd5 8. Bc4
Be6 9. Qb3 Nc7 10. dxc5 Bxc4 11. Qxc4 Nc6 12. O-O Ne6 13. Rd1 Qa5 14. Na4 Rac8
15. Bd2 Qc7 16. Rac1 Na5 17. Bxa5 Qxa5 18. Qb3 Rc7 19. Nd4 Nxd4 20. exd4 e6 21.
Nc3 a6 22. Ne4 Rd7 23. Nd6 Qc7 24. Qa4 Bh6 25. Rc2 Rb8 26. b4 Bf4 27. Ne4 Qd8
28. g3 Bc7 29. Qb3 Rxd4 30. Rxd4 Qxd4 1/2-1/2

[Event "XI Open A Primavera"]
[Site "Robecchetto con Induno ITA"]
[Date "2014.04.17"]
[Round "2"]
[White "Madaschi, Sergio"]
[Black "Ragoso, Mario"]
[WhiteElo "1528"]
[BlackElo "1644"]
[Result "1-0"]
[PlyCount "53"]
[EventDate "2014.04.10"]

1. e4 c5 2. Nf3 d6 3. d4 cxd4 4. Nxd4 Nf6 5. Nc3 a6 6. Be3 e6 7. f3 g6 8. Qd2
Bg7 9. O-O-O Qc7 10. g4 Nbd7 11. h4 Ne5 12. h5 Nc4 13. Bxc4 Qxc4 14. hxg6 hxg6
15. Rxh8+ Bxh8 16. Rh1 Bg7 17. Nde2 Ke7 18. Rd1 Ne8 19. Bg5+ Kf8 20. Bh6 Bd7
21. Bxg7+ Kxg7 22. Rh1 Rc8 23. Qh6+ Kf6 24. Qf4+ Kg7 25. Qh6+ Kf6 26. Qh4+ Kg7
27. Qh8# 1-0

[Event "XI Open A Primavera"]
[Site "Robecchetto con Induno ITA"]
[Date "2014.04.17"]
[Round "2"]
[White "Moroni, Luca"]
[Black "Pappalardo, Antonio"]
[WhiteElo "1862"]
[BlackElo "1783"]
[Result "1-0"]
[PlyCount "87"]
[EventDate "2014.04.10"]

1. Nf3 d5 2. d4 c5 3. e3 Nf6 4. c3 b6 5. a4 Bb7 6. Bd3 g6 7. Nbd2 Bg7 8. O-O
O-O 9. Ne5 Nbd7 10. Ndf3 Qc7 11. Qe2 c4 12. Bc2 a6 13. Re1 b5 14. Nxd7 Qxd7 15.
Ne5 Qc7 16. Ng4 Ne4 17. f3 Nd6 18. e4 bxa4 19. e5 Nc8 20. Rxa4 Bc6 21. Ra1 h5
22. Ne3 e6 23. g4 Qe7 24. Kh1 hxg4 25. Nxg4 Qh4 26. Bf4 Ne7 27. Bg3 Qh8 28. Kg2
Nf5 29. Bxf5 gxf5 30. Nf2 Rfb8 31. Bf4 Bd7 32. Rg1 Kf8 33. Kh1 Ke7 34. Rg2 f6
35. Rag1 Rg8 36. Rxg7+ Rxg7 37. exf6+ Kxf6 38. Be5+ Kf7 39. Rxg7+ Qxg7 40. Bxg7
Kxg7 41. Qe5+ Kf7 42. Nh3 Rg8 43. f4 Ke7 44. Ng5 1-0

[Event "XI Open A Primavera"]
[Site "Robecchetto con Induno ITA"]
[Date "2014.04.14"]
[Round "2"]
[White "Novi', Giuseppe"]
[Black "Melino, Gianluca"]
[WhiteElo "1802"]
[BlackElo "1767"]
[Result "1-0"]
[PlyCount "117"]
[EventDate "2014.04.10"]

1. e4 g6 2. Nf3 Bg7 3. Bc4 d6 4. d4 Nf6 5. Nbd2 O-O 6. h3 Nxe4 7. Nxe4 d5 8.
Bd3 dxe4 9. Bxe4 Qd6 10. O-O Nc6 11. c3 e6 12. Bg5 Ne7 13. Re1 Nd5 14. Qd2 Nf6
15. Bf4 Nxe4 16. Rxe4 Qd8 17. Bh6 b6 18. Bxg7 Kxg7 19. Ne5 Bb7 20. Re3 f6 21.
Ng4 h5 22. Nh2 Qd5 23. Rg3 e5 24. Qc2 e4 25. Re1 Rae8 26. Nf1 f5 27. Rg5 Qd8
28. h4 Ba6 29. Ng3 Kh7 30. Qd1 e3 31. fxe3 f4 32. Qc2 Qxg5 33. hxg5 fxg3 34. c4
Re7 35. Rf1 Rxf1+ 36. Kxf1 Rxe3 37. Qa4 Bc8 38. Qxa7 Re7 39. Qa3 Rf7+ 40. Ke1
h4 41. Qa8 Bg4 42. Qe4 Bh5 43. Qxh4 Re7+ 44. Kd2 Re2+ 45. Kd3 Rxg2 46. Qh3 Rxb2
47. Qd7+ Kg8 48. Qd8+ Kf7 49. Qxc7+ Kf8 50. Qxg3 Rxa2 51. Qb8+ Ke7 52. Qxb6
Ra3+ 53. Ke4 Ra1 54. d5 Rd1 55. Qc7+ Ke8 56. d6 Re1+ 57. Kf4 Rf1+ 58. Ke5 Re1+
59. Kf6 1-0

[Event "XI Open A Primavera"]
[Site "Robecchetto con Induno ITA"]
[Date "2014.04.17"]
[Round "2"]
[White "Pizzolato, Roberto"]
[Black "Cervini, Gian Piero"]
[WhiteElo "1745"]
[BlackElo "1806"]
[Result "0-1"]
[PlyCount "56"]
[EventDate "2014.04.10"]

1. e4 g6 2. d4 Bg7 3. Nc3 d6 4. Be2 Nf6 5. Be3 O-O 6. g4 Na6 7. g5 Nd7 8. Nf3
c5 9. d5 Ne5 10. h3 e6 11. Nxe5 Bxe5 12. f4 Bg7 13. Qd2 Qb6 14. Na4 Qc7 15.
O-O-O Rd8 16. Bc4 Rb8 17. Nc3 Qa5 18. Nb1 Nb4 19. a3 b5 20. axb4 Qa1 21. c3
bxc4 22. Rh2 exd5 23. Qxd5 Be6 24. Qd2 cxb4 25. Bd4 bxc3 26. Qxc3 Rb3 27. Qc2
Bxd4 28. Rxd4 c3 0-1

[Event "XI Open A Primavera"]
[Site "Robecchetto con Induno ITA"]
[Date "2014.04.12"]
[Round "2"]
[White "Serrao, Piergiorgio"]
[Black "Santarelli, Sabatino"]
[WhiteElo "1605"]
[BlackElo "1652"]
[Result "1/2-1/2"]
[PlyCount "24"]
[EventDate "2014.04.10"]

1. d4 d5 2. c4 c6 3. Nf3 Nf6 4. e3 Bf5 5. Nc3 e6 6. Bd3 Bxd3 7. Qxd3 Nbd7 8.
O-O Be7 9. e4 dxe4 10. Nxe4 Nxe4 11. Qxe4 Nf6 12. Qe2 O-O 1/2-1/2

[Event "XI Open A Primavera"]
[Site "Robecchetto con Induno ITA"]
[Date "2014.04.17"]
[Round "2"]
[White "Testa, Loris"]
[Black "Griffini, Andrea"]
[WhiteElo "1930"]
[BlackElo "1797"]
[Result "1/2-1/2"]
[PlyCount "32"]
[EventDate "2014.04.10"]

1. Nf3 Nf6 2. c4 c5 3. g3 g6 4. Bg2 Bg7 5. O-O O-O 6. Nc3 d6 7. d4 Nbd7 8. e4
cxd4 9. Nxd4 a6 10. b3 Re8 11. Be3 Nf8 12. Rc1 Ng4 13. Qe2 Nxe3 14. Qxe3 Ne6
15. Nxe6 Bxe6 16. Nd5 Bxd5 1/2-1/2

[Event "XI Open A Primavera"]
[Site "Robecchetto con Induno ITA"]
[Date "2014.04.17"]
[Round "2"]
[White "Torretta, Gilberto"]
[Black "Giusti, Francesco"]
[WhiteElo "1651"]
[BlackElo "1592"]
[Result "1-0"]
[PlyCount "87"]
[EventDate "2014.04.10"]

1. e4 c5 2. Ne2 Nc6 3. g3 e5 4. Bg2 Nf6 5. O-O Be7 6. c3 d6 7. d3 Be6 8. Be3
Qd7 9. Nd2 Bh3 10. Qb3 Na5 11. Qc2 Bxg2 12. Kxg2 h5 13. f4 Ng4 14. Bg1 h4 15.
h3 hxg3 16. hxg4 Qxg4 17. Nxg3 Qh3+ 18. Kf3 exf4 19. Kxf4 Rh4+ 20. Kf3 Rg4 21.
Bf2 Bg5 22. Rh1 Rf4+ 23. Ke2 Qg4+ 24. Ke1 O-O-O 25. Ndf1 Nc6 26. Qe2 Qe6 27.
Nf5 g6 28. Bh4 Bxh4+ 29. Rxh4 Rxh4 30. Nxh4 Rh8 31. Nf3 Qg4 32. N3h2 Qh3 33.
Qg4+ Kc7 34. Qxh3 Rxh3 35. Ke2 Ne5 36. Rd1 g5 37. d4 cxd4 38. cxd4 Ng6 39. Rc1+
Kd7 40. Rc3 Nf4+ 41. Kd2 Rh4 42. Nf3 Rg4 43. Ne3 Rg3 44. Ne1 1-0

[Event "XI Open A Primavera"]
[Site "Robecchetto con Induno ITA"]
[Date "2014.04.17"]
[Round "2"]
[White "Trenti, Alessandro"]
[Black "Libutti, Michele"]
[WhiteElo "1780"]
[BlackElo "1745"]
[Result "1/2-1/2"]
[PlyCount "94"]
[EventDate "2014.04.10"]

1. e4 c6 2. d4 d5 3. Nc3 dxe4 4. Nxe4 Nd7 5. Nf3 Ngf6 6. Ng3 e6 7. c3 Bd6 8.
Bd3 Qc7 9. Qc2 b6 10. Bd2 Bb7 11. Ne4 Nxe4 12. Bxe4 Nf6 13. O-O-O Nxe4 14. Qxe4
c5 15. Qg4 f5 16. Qh3 O-O-O 17. dxc5 Bxc5 18. Be3 g6 19. Nd4 Bxd4 20. Bxd4 e5
21. Be3 Bd5 22. Bg5 Rd7 23. Qd3 Bxg2 24. Qa6+ Qb7 25. Qc4+ Qc6 26. Qa6+ Qb7 27.
Qc4+ Qc6 28. Qxc6+ Bxc6 29. Rxd7 Kxd7 30. Rd1+ Ke6 31. Kc2 h6 32. Bc1 Be4+ 33.
Kb3 Bd5+ 34. c4 Bf3 35. Rd3 Be4 36. Rd1 g5 37. Kb4 Bf3 38. Rd3 Be4 39. Rd1 Bc6
40. b3 Bf3 41. Rd2 Rh7 42. Rd8 e4 43. Re8+ Kd7 44. Rf8 Bg4 45. Ra8 Kc6 46. Rc8+
Kb7 47. Rd8 Kc7 1/2-1/2

[Event "XI Open A Primavera"]
[Site "Robecchetto con Induno ITA"]
[Date "2014.04.17"]
[Round "2"]
[White "Vada, Riccardo"]
[Black "Ruggeri, Igor"]
[WhiteElo "1653"]
[BlackElo "1622"]
[Result "1-0"]
[PlyCount "97"]
[EventDate "2014.04.10"]

1. e4 c5 2. c4 Nc6 3. Nc3 Nf6 4. g3 g6 5. Bg2 Bg7 6. Nge2 O-O 7. O-O a6 8. d3
d6 9. h3 Rb8 10. a4 Bd7 11. Be3 Na5 12. Rb1 b5 13. axb5 axb5 14. cxb5 Bxb5 15.
Nxb5 Rxb5 16. Nc3 Rb4 17. Na2 Rb3 18. Bd2 Rxd3 19. Qc2 c4 20. Bxa5 Qxa5 21.
Qxc4 Rd2 22. Nc1 Qc5 23. Qxc5 dxc5 24. Nb3 Rc2 25. Rfc1 Rxc1+ 26. Rxc1 Nd7 27.
Rd1 Rb8 28. Na5 Nf8 29. Nc6 Rxb2 30. Nxe7+ Kh8 31. Rd8 Re2 32. Rc8 Re1+ 33. Kh2
h6 34. Rxc5 Bd4 35. Rc2 Kg7 36. Nc6 Ba1 37. f4 Ne6 38. h4 Nd4 39. Nxd4 Bxd4 40.
e5 Bb6 41. Rc6 Bd4 42. Rc7 Re2 43. Kh3 Bg1 44. Bd5 Rh2+ 45. Kg4 h5+ 46. Kg5 Rh3
47. Rxf7+ Kg8 48. Kh6 Rxg3 49. Rf6+ 1-0